| 000 | 00579nam a2200217 a 4500 | ||
|---|---|---|---|
| 999 |
_c4027 _d4027 |
||
| 001 | 4027 | ||
| 003 | BD-JhCC | ||
| 005 | 20171122194303.0 | ||
| 008 | 171121s1966 ||||| |||| 00| 0 eng d | ||
| 035 | _a(BD-JhCC) | ||
| 040 |
_aBD-JhCC _dBD-JhCC |
||
| 041 | _aeng | ||
| 082 |
_a823.914 _bPUL 1966 |
||
| 100 | _aPullein-Thompson, Christine | ||
| 245 |
_aThe eastmans find a boy / _cChristine Pullein-Thompson; illus. by joan Calvert |
||
| 260 |
_aLondon : _bBurke, _c1966 |
||
| 300 |
_a124 p. : _c20cm. |
||
| 650 | _aShort stories | ||
| 700 | _aCalvert, joan | ||
| 942 |
_2ddc _cBK |
||